Evanescence Song Initials - Statistics

General Stats
  • This quiz has been taken 46 times
  • The average score is 21 of 29
Answer Stats
Initials Song % Correct
BMTL Bring Me to Life
100%
MI My Immortal
100%
CMWYS Call Me When You're Sober
93%
GU Going Under
93%
WYW What You Want
93%
GE Good Enough
83%
SS Sweet Sacrifice
83%
EF Everybody's Fool
80%
MHIB My Heart is Broken
80%
SWQ Snow White Queen
80%
ATILF All That I'm Living For
78%
YS Your Star
76%
WOTW Weight of the World
73%
LIP Lost in Paradise
71%
MLB My Last Breath
71%
LY Like You
66%
LC Lose Control
66%
TOM Taking Over Me
66%
EOTD End of the Dream
63%
MOS Made of Stone
63%
NGB Never Go Back
61%
TC The Change
59%
TOO The Only One
59%
CN Cloud Nine
54%
HL Hi-Lo
54%
ET Erase This
49%
TOS The Other Side
49%
BNM Breathe No More
46%
SH Swimming Home
46%
No matching quizzes found
Score Distribution
Percent of People with Each Score
Percentile by Number Answered
Your Score History
You have not taken this quiz